Skip to main content
Your cart is empty.
Your lists
Log in to create your own lists
Your cookies
العربية
English
العربية
Home
Search
Advanced search
Authority search
About
The noble scholar, jurist, historian
His Excellency Dr. Abdul Wahhab bin Ibrahim Abu Sulaiman, may Allah have mercy on him.
He was born in Umm Al-Qura in the year 1356 AH.
Library catalog
Title
Author
Subject
ISBN
ISSN
Series
Call number
Log in to your account
×
Login:
Password:
Home
MARC view: إظهار العصر لأسرار أهل العصر :
Normal view
MARC view
ISBD view
إظهار العصر لأسرار أهل العصر : (Record no. 6691)
[
view plain
]
MARC details
000 -LEADER
fixed length control field
01728cam a22003371ia4500
003 - CONTROL NUMBER IDENTIFIER
control field
SA-RiAUC
005 - DATE AND TIME OF LATEST TRANSACTION
control field
20250404125237.0
008 - FIXED-LENGTH DATA ELEMENTS--GENERAL INFORMATION
fixed length control field
250404s1992 su g 00000 ara c
040 ## - CATALOGING SOURCE
Original cataloging agency
SA-RiAUC
Language of cataloging
ara
Transcribing agency
SA-RiAUC
Description conventions
rda
050 #4 - LIBRARY OF CONGRESS CALL NUMBER
Item number
.B57 1992
082 04 - DEWEY DECIMAL CLASSIFICATION NUMBER
Classification number
953.08
Assigning agency
SA-RiAUC
090 ## - LOCALLY ASSIGNED LC-TYPE CALL NUMBER (OCLC); LOCAL CALL NUMBER (RLIN)
Classification number (OCLC) (R) ; Classification number, CALL (RLIN) (NR)
953.08
Local cutter number (OCLC) ; Book number/undivided call number, CALL (RLIN)
ب ق ا
100 1# - MAIN ENTRY--PERSONAL NAME
Personal name
البقاعي، إبراهيم بن عمر بن حسن،
Dates associated with a name
809-885 هجري
Relator term
مؤلف.
245 10 - TITLE STATEMENT
Title
إظهار العصر لأسرار أهل العصر :
Remainder of title
تاريخ البقاعي /
Statement of responsibility, etc.
تأليف إبراهيم بن عمر بن حسن البقاعي ؛ دراسة وتحقيق محمد سالم بن شديد العوفي.
246 30 - VARYING FORM OF TITLE
Title proper/short title
تاريخ البقاعي
250 ## - EDITION STATEMENT
Edition statement
الطبعة الأولى.
264 #1 - PRODUCTION, PUBLICATION, DISTRIBUTION, MANUFACTURE, AND COPYRIGHT NOTICE
Place of production, publication, distribution, manufacture
الرياض :
Name of producer, publisher, distributor, manufacturer
محمد سالم بن شديد العوفي ،
Date of production, publication, distribution, manufacture, or copyright notice
1992
300 ## - PHYSICAL DESCRIPTION
Extent
مجلد ؛
Dimensions
24 سم
336 ## - CONTENT TYPE
Content type term
نص
Content type code
txt
Source
rdacontent
Materials specified
كتاب
337 ## - MEDIA TYPE
Media type term
بدون وسيط
Media type code
n
Source
rdamedia
338 ## - CARRIER TYPE
Carrier type term
مجلد
Carrier type code
nc
Source
rdacarrier
505 0# - FORMATTED CONTENTS NOTE
Formatted contents note
القسم الأول : محرم 855 هـ-ذي الحجة 857 هـ.
650 #7 - SUBJECT ADDED ENTRY--TOPICAL TERM
Topical term or geographic name entry element
المماليك
General subdivision
تاريخ
Source of heading or term
aucsh
650 #7 - SUBJECT ADDED ENTRY--TOPICAL TERM
Topical term or geographic name entry element
التاريخ الإسلامي
Source of heading or term
aucsh
651 #7 - SUBJECT ADDED ENTRY--GEOGRAPHIC NAME
Geographic name
بلاد الشام
General subdivision
تاريخ
Chronological subdivision
العصر المملوكي، 1260-1517
Source of heading or term
aucsh
651 #7 - SUBJECT ADDED ENTRY--GEOGRAPHIC NAME
Geographic name
مصر
General subdivision
تاريخ
Chronological subdivision
العصر الإسلامي
Source of heading or term
aucsh
700 1# - ADDED ENTRY--PERSONAL NAME
Personal name
العوفي، محمد بن سالم بن شديد،
Dates associated with a name
1374 هجري-
Relator term
محقق.
700 12 - ADDED ENTRY--PERSONAL NAME
Relationship information
تحقيق لـ (عمل) :
Personal name
البقاعي، إبراهيم بن عمر بن حسن،
Dates associated with a name
809-885 هجري.
Title of a work
إظهار العصر لأسرار أهل العصر : تاريخ البقاعي.
942 ## - ADDED ENTRY ELEMENTS (KOHA)
Source of classification or shelving scheme
Dewey Decimal Classification
Koha item type
Books
Suppress in OPAC
No
949 ## - LOCAL PROCESSING INFORMATION (OCLC)
a
SA-JeALM
d
250404
u
eid123
n
1
Holdings
Withdrawn status
Lost status
Source of classification or shelving scheme
Materials specified (bound volume or other part)
Damaged status
Not for loan
Home library
Current library
Date acquired
Total checkouts
Full call number
Barcode
Date last seen
Price effective from
Koha item type
Dewey Decimal Classification
القسم الاول
DR AbdElwahab Library
DR AbdElwahab Library
04/04/2025
953.08 ب ق ا
000011323
04/04/2025
04/04/2025
Books
Dewey Decimal Classification
القسم الثاني
DR AbdElwahab Library
DR AbdElwahab Library
04/04/2025
953.08 ب ق ا
000011324
04/04/2025
04/04/2025
Books
Dewey Decimal Classification
القسم الثالث
DR AbdElwahab Library
DR AbdElwahab Library
04/04/2025
953.08 ب ق ا
000011325
04/04/2025
04/04/2025
Books
Place hold
Print
Add to your cart
(remove)
Save record
BIBTEX
Dublin Core
MARCXML
MARC (non-Unicode/MARC-8)
MARC (Unicode/UTF-8)
MARC (Unicode/UTF-8, Standard)
MODS (XML)
RIS
ISBD
More searches
Search for this title in:
Other Libraries (WorldCat)
Other Databases (Google Scholar)
Online Stores (Bookfinder.com)
Open Library (openlibrary.org)
Exporting to Dublin Core...
×
Simple DC-RDF
OAI-DC
SRW-DC